Agents of S.H.I.E.L.D. Characters - Statistics

General Stats
  • This quiz has been taken 373 times
  • The average score is 39 of 101
Answer Stats
Hint Answer Allegiance Status % Correct
Known as the cavalry, becomes leader of STRIKE Melinda May Shield Alive
99%
English biochemist, married to Fitz Jemma Simmons Shield Alive
97%
Originally level 8 Shield agent, later director Phil Coulson Shield Deceased
97%
Scottish scientist, married to Simmons Leopold Fitz Shield Alive
96%
Also known as Quake, super hacker who gains powers Daisy "Skye" Johnson Shield Alive
95%
Hydra double agent, dies on Maveth Grant Ward Hydra Deceased
94%
English mercenary, was married to Bobbi Lance Hunter Shield (disavowed) Alive
87%
Shield agent undercover in Hydra, was married to Hunter Barbara "Bobbi" Morse Shield (disavowed) Alive
83%
Originally an engineer, later becomes director Alphonso "Mack" Mackenzie Shield Alive
82%
Grandson of FitzSimmons, travels from the future Deke Shaw Shield Alive
78%
Speedy inhuman, loses arms to Ruby Hale Elena "Yo-Yo" Rodriguez Shield Alive
76%
Girl in the flower dress, inhuman seer Raina Herself/Hydra Deceased
76%
Head of Hydra, first Deathlok patient John Garrett Hydra Deceased
73%
Inhuman from afterlife, can control electricity Lincoln Campbell Shield Deceased
71%
Scottish scientist and transhumanist, creates AIDA Holden Radcliffe Himself/Shield Deceased
70%
Businessman obsessed with gravitonium Ian Quinn Himself/Hydra Deceased
63%
Descendant of howling commando, killed by terrigen Antoine "Trip" Triplett Shield Deceased
61%
Head of Hydra, originally called Werner Reinhardt Daniel Whitehall Hydra Deceased
61%
Air Force general, becomes Graviton Glenn Talbot US Air Force Deceased
61%
The Patriot, director of Shield, false inhuman Jeffrey Mace Shield Deceased
61%
Android created by Radcliffe, Madame Hydra in framework AIDA Herself Deceased
59%
In charge of the Playground, Koenig Billy Koenig Shield Alive
56%
Religious head of Hydra, returns Alveus to Earth Gideon Malick Hydra Deceased
56%
Teleporting Inhuman from Afterlife Gordon Afterlife Deceased
56%
Other male Koenig Shield agent Sam Koenig Shield Alive
55%
Young female Hydra assassin, intended Destroyer of Worlds Ruby Hale Hydra Deceased
54%
Chronicom friend of Fitz Enoch Shield Alive
51%
In charge of Providence base, killed by Ward Eric Koenig Shield Deceased
51%
Kree ruler of the Lighthouse Kasius Kree Deceased
51%
Ghost Rider, brother of Gabe Robbie Reyes Himself Alive
51%
English Hydra agent, rewards compliance Sunil Bakshi Hydra Deceased
50%
Female Koenig, special agent LT Koenig Shield Alive
49%
Brother of Gideon, killed by Alveus Nathaniel Malick Hydra Deceased
49%
Lighthouse Inhuman, controls rocks Flint Lighthouse Alive
47%
Paralysed brother of Ghost Rider Gabe Reyes Himself Alive
47%
Former director, faked death Nick Fury Shield Alive
47%
Level 9 agent, works with Fury Maria Hill Shield Alive
46%
Level 8 Shield agent, killed by Ward Victoria Hand Shield Deceased
46%
Non-Shield Koenig Thurston Koenig Himself Alive
45%
Last head of Hydra, works with Confederacy Gen. Hale Hydra Deceased
44%
Absorbing Man, brainwashed by Hydra Carl Creel Himself/Talbot/Hydra Deceased
43%
Mother of Daisy, Inhuman leader of Afterlife Jiaying Johnson Afterlife Deceased
43%
Hydra Inhuman, has telekenisis Giyera Hydra/Hive Deceased
40%
Female Asgardian, tracked down Lorelei Lady Sif Asgard Alive
40%
Father of Ace, has cybernetic implants Mike Peterson Himself/Shield Alive
40%
Head of ACTU, assassinated by Ward Rosalind Price ACTU Deceased
40%
Former Shield student, has ice powers Donnie Gill Himself/Hydra Deceased
38%
Non-corporal being, searches for monoliths Izel Herself Deceased
38%
Inhuman known as Lash, Shield psychologist Andrew Garner Shield/Himself Deceased
37%
Female member of Sarge's crew, uses knives Snowflake Sarge/Shield In Custody
37%
Female Asgradian, enchants men with voice Lorelei Herself In Custody
33%
Inhuman brother of senator Vijay Nadeer Himself Unknown
33%
Female Strike agent, travelled to deep space Piper Shield Alive
32%
Kree lieutenant in Lighthouse, befriended by Kasius Sinara Kree Deceased
32%
Lighthouse female inhabitant, resurrected Tess Lighthouse Alive
32%
Father of Daisy, has anger issues Calvin Zabo Himself Alive
31%
Watchdog senator, killed in explosion Ellen Nadeer Watchdogs Deceased
31%
Shield agentx piloted the Zephyr Davis Shield Deceased
30%
Son of head of Hydra, later changes nameand works for Hale Werner Von Strucker Hydra Deceased
30%
Scientist manipulated by darkhold, uncle of Robbie Eli Morrow Himself Deceased
29%
Mother of previous answer Polly Hinton Herself/Shield Alive
29%
Young Inhuman, can see into the future Robin Hinton Herself/Shield Alive
29%
Agent 33, brainwashed by Hydra Kara Lynn Palamas Hydra (brainwashed) Deceased
28%
Russian leader of Watchdogs Anton Ivanov Watchdogs/Hydra Deceased
27%
Former Shield agent, leads Watchdogs Felix Blake Watchdogs Alive
27%
Husband of previous answer, gives visions of death, Inhuman Charles Hinton Himself Deceased
26%
Fire-manipulating Inhuman, joins Watchdogs JT "Hellfire" James Watchdogs In Custody
26%
NASA astronaut sent to Maveth Will Daniels NASA Deceased
26%
Shield head of PR, falls out of plane Burrows Shield Deceased
23%
Ghostly scientist controlled by darkhold Lucy Bauer Herself Deceased
23%
ACTU agent, killed by Giyera Luther Banks ACTU Deceased
23%
Hydra agent, killed by Winter Soldier Jasper Sitwell Hydra Deceased
21%
Former baker, works with Sarge Jaco Sarge/Shield Deceased
20%
Shield scientist, killed by AIDA Nathanson Shield Deceased
20%
Leader of the 'real' Shield Robert Gonzales Shield Deceased
20%
Shield agent, controlled by Englishman through eye Akela Amador Shield Alive
17%
Ancient Inhuman, swayed others to his will Alveus Himself Deceased
16%
Head of Shield Academy Anne Weaver Shield Alive
16%
Shield agent, killed by shrike Damon Keller Shield Deceased
14%
Metal-mainpulating Inhuman, Secret Warrior Joey Guttierez Shield Alive
14%
Works with Sarge, questions their motives Pax Sarge Deceased
14%
Shield scientist, turned off husband's life-support Marcus Benson Shield Alive
13%
Hydra lab partner of Simmons, framed Kenneth Turgeon Hydra Unknown
12%
Colombian Inhuman, freezes people with eyes Lucio Hive Deceased
12%
Confederacy member, rules the Remorath Qovas Confederacy Deceased
12%
Second-in-command of Watchdogs, Inhuman Tucker Shockley Watchdogs Deceased
12%
Female Chronicom leader Atarah Chronicoms Deceased
10%
Male Asgardian, lived on Earth for years Elliot Randolph Himself Alive
10%
Head of Hydra, scientist that worked with Strucker Dr. List Hydra Deceased
9%
Lighthouse inhabitant, killed by Flint Grill Himself Deceased
8%
Chronicom hunter, killed previous Malachi Chronicoms Alive
7%
President of the US Matthew Ellis USA Alive
7%
Non-corporal being, initially kills shrike Pachakutiq Izel Deceased
7%
Head of Hydra, poinsoned Baroness Hydra Deceased
3%
Belgian Foreign Affairs Minister, Hydra Julien Beckers Hydra In Custody
3%
Head of Hydra, shot in head Octavian Bloom Hydra Deceased
3%
Head of Hydrax killed by toxic gas Sheikh Hydra Deceased
2%
Head of Hydra, killed by splinterbone Banker Hydra Deceased
1%
Hydra general in Air Force Gen. Fischer Hydra Deceased
1%
Hydra agent, attacked UN Marcus Scarlotti Hydra In Custody
1%
Professor at Hydra Academy Prof. Steger Hydra Deceased
1%
No matching quizzes found
Score Distribution
Percent of People with Each Score
Percentile by Number Answered
Your Score History
You have not taken this quiz